[Event "45th GER-ch Rapid 2019"]
[Site "Neumarkt in der Oberpfalz"]
[Date "2019.09.21"]
[Round "3.2"]
[White "Hecht, Carsten"]
[Black "Donchenko, Alexander"]
[Result "0-1"]
[WhiteElo "2302"]
[BlackElo "2631"]
[Annotator "TA"]
[PlyCount "92"]
[EventDate "2019.09.21"]
[EventType "swiss"]
[EventCountry "GER"]
[SourceTitle "playchess.com"]
[Source "ChessBase"]
[SourceQuality "1"]

{[%evp 24,92,7,0,0,0,0,0,0,-22,-18,-17,-14,-22,-12,-12,0,-18,-16,-14,-12,0,0,0,0,-29,-29,-30,-26,-26,-15,-13,-22,-26,-8,-8,0,-14,0,0,0,0,0,0,8,8,8,6,12,24,18,0,17,25,66,16,14,0,0,-205,-138,-131,-63,-2490,-2605,-29978,-29979,-29990,-29991,-29992,-29993]} 1. e4 c6 2. d4 d5 3. Nc3 dxe4 4. Nxe4 Bf5 5. Ng3 Bg6 6. h4 h6 7. Nf3 Nd7 8. h5 Bh7 9. Bd3 Bxd3 10. Qxd3 e6 11. Bd2 Ngf6 12. O-O-O Be7 13. Kb1 Qb6 {B19: Classical Caro-Kann: 4...Bf5 main line} (13... O-O 14. Ne4 c5 15. g4 Nxg4 16. Qe2 Qb6 17. Ne5 Ndxe5 18. dxe5 f5 19. exf6 Nxf6 20. Nc3 Rad8 21. Rhg1 Kh8 22. Rg6 {½-½ (38) Saric,I (2662)-Nisipeanu,L (2672) Heraklio 2017}) 14. Ne4 Rd8 15. Bc1 c5 {The position is equal.} 16. Be3 $146 ({Predecessor:} 16. dxc5 Nxc5 17. Nxf6+ Bxf6 18. Qe3 O-O 19. Ne5 Qb5 20. f4 Na4 21. g4 {0-1 (34) Zhang,A (2094)-Wang,K (2367) Philadelphia 2017}) 16... Nxe4 17. Qxe4 O-O 18. c3 Nf6 19. Qc2 Ng4 20. Ne5 Nxe3 21. fxe3 Bd6 22. Nc4 Qa6 23. Nxd6 Qxd6 24. e4 cxd4 25. cxd4 Qg3 26. Qe2 Rd6 27. Rd3 Qg5 28. Rhd1 Rfd8 29. a3 a5 30. Qf3 a4 31. d5 Rc8 32. Qe2 Qe5 33. Qf3 Rc4 34. dxe6 Rxe6 35. Rd8+ Re8 36. R1d7 Qe6 37. Rxe8+ Qxe8 $11 {[%mdl 4096] Endgame KQR-KQR} 38. Qd3 {Rd8! is the strong threat.} Rc8 ({Not} 38... Rxe4 $2 39. Rd8 $18) 39. Qd5 b6 {[%cal Bb7b6,Bb6b5][%mdl 32]} 40. Ra7 Rd8 $36 {[%mdl 2048] Black has good play.} 41. Qc4 $2 (41. Qf5 $11) 41... b5 42. Qe2 {[#]} Rd4 (42... Qe6 $1 $17 {[%cal Re6b6] Threatens to win with ...Qb6.} 43. Rb7 {[#]} Rd1+ $1 {[%mdl 576] Deflection} 44. Qxd1 Qxe4+ {[%mdl 64] Double Attack} 45. Qc2 Qxb7) 43. Rb7 $2 {[%mdl 8192]} (43. e5 $15) 43... Rxe4 $19 44. Qxb5 Re1+ {Black mates.} 45. Ka2 Qe4 {[%csl Ge1][%cal Re4b1]} 46. Rb8+ Kh7 {Accuracy: White = 51%, Black = 58%.} 0-1

[Event "45th GER-ch Rapid 2019"]
[Site "Neumarkt in der Oberpfalz"]
[Date "2019.09.21"]
[Round "3.3"]
[White "Beesk, Kevin"]
[Black "Marcziter, Dmitrii"]
[Result "1/2-1/2"]
[WhiteElo "1969"]
[BlackElo "2234"]
[Annotator "NA"]
[PlyCount "153"]
[EventDate "2019.09.21"]
[EventType "swiss"]
[EventCountry "GER"]
[SourceTitle "playchess.com"]
[Source "ChessBase"]
[SourceQuality "1"]
[TimeControl "900+10"]

1. Nc3 {[%emt 0:00:00]} c5 {[%emt 0:00:00]} 2. Nf3 {[%emt 0:00:00]} Nf6 {[%emt 0:00:08]} 3. e4 {[%emt 0:00:00]} d6 {[%emt 0:00:06]} 4. e5 {[%emt 0:00:00]} dxe5 {[%emt 0:00:07]} 5. Nxe5 {[%emt 0:00:00]} a6 {[%emt 0:00:06]} 6. g3 {[%emt 0:01:11]} e6 {[%emt 0:00:23]} 7. Bg2 {[%emt 0:00:04]} Bd6 {[%emt 0:00:07]} 8. Nc4 {[%emt 0:01:05]} Be7 {[%emt 0:00:23]} 9. a4 {[%emt 0:00:42]} O-O {[%emt 0:00:23]} 10. a5 {[%emt 0:00:38]} Nbd7 {[%emt 0:00:08]} 11. O-O {[%emt 0:00:36]} Ra7 {[%emt 0:00:21]} 12. Re1 {[%emt 0:00:58]} b5 {[%emt 0:00:12]} 13. axb6 {[%emt 0:00:10]} Nxb6 {[%emt 0:00:04]} 14. Ne5 {[%emt 0:01:01]} Bd7 {[%emt 0:00:33]} 15. d4 {[%emt 0:01:10]} Nbd5 {[%emt 0:01:28]} 16. Nxd5 {[%emt 0:02:24]} exd5 {[%emt 0:00:42]} 17. Be3 {[%emt 0:01:17]} c4 {[%emt 0:00:36]} 18. b3 {[%emt 0:00:50]} Bb4 {[%emt 0:00:43]} 19. Bd2 {[%emt 0:00:16]} Bxd2 {[%emt 0:00:12]} 20. Qxd2 {[%emt 0:00:01]} cxb3 {[%emt 0:00:07]} 21. cxb3 {[%emt 0:01:00]} Bb5 {[%emt 0:00:07]} 22. Rac1 {[%emt 0:00:48]} Qd6 {[%emt 0:01:12]} 23. Rc5 {[%emt 0:00:34]} Rd8 {[%emt 0:00:22]} 24. Qc2 {[%emt 0:00:36]} Re7 {[%emt 0:01:11]} 25. Rc1 {[%emt 0:01:04]} h6 {[%emt 0:01:42]} 26. Rc8 {[%emt 0:00:45]} Rxc8 {[%emt 0:00:32]} 27. Qxc8+ {[%emt 0:00:01]} Re8 {[%emt 0:00:08]} 28. Qc5 {[%emt 0:00:42]} Qe6 {[%emt 0:00:26]} 29. h3 {[%emt 0:00:24]} Ne4 {[%emt 0:00:16]} 30. Qc2 {[%emt 0:00:28]} f6 {[%emt 0:00:34]} 31. Ng6 {[%emt 0:00:34]} Qb6 {[%emt 0:02:11]} 32. Qd1 {[%emt 0:00:23]} f5 {[%emt 0:00:58]} 33. Nf4 {[%emt 0:00:07]} Qd6 {[%emt 0:00:23]} 34. Qc2 {[%emt 0:00:08]} Qb4 {[%emt 0:00:52]} 35. Rd1 {[%emt 0:00:25]} Qd6 {[%emt 0:00:23]} 36. Kh2 {[%emt 0:00:09]} Kh7 {[%emt 0:00:04]} 37. f3 {[%emt 0:00:02]} g5 {[%emt 0:00:36]} 38. Nh5 {[%emt 0:00:07]} Kg6 {[%emt 0:00:26]} 39. fxe4 {[%emt 0:00:03]} Kxh5 {[%emt 0:00:02]} 40. Bf3+ {[%emt 0:00:15]} g4 {[%emt 0:00:10]} 41. e5 {[%emt 0:00:14]} Qe6 {[%emt 0:00:13]} 42. hxg4+ {[%emt 0:00:12]} fxg4 {[%emt 0:00:01]} 43. Be2 {[%emt 0:00:18]} Rc8 {[%emt 0:00:14]} 44. Qd2 {[%emt 0:00:05]} Qg6 {[%emt 0:00:23]} 45. Rh1 {[%emt 0:00:16]} Qg5 {[%emt 0:00:22]} 46. Kg2+ {[%emt 0:00:09]} Kg6 {[%emt 0:00:04]} 47. Qxg5+ {[%emt 0:00:22]} Kxg5 {[%emt 0:00:04]} 48. Bxb5 {[%emt 0:00:02]} Rc2+ {[%emt 0:00:06]} 49. Kg1 {[%emt 0:00:06]} axb5 {[%emt 0:00:01]} 50. Rh2 {[%emt 0:00:01]} Rc3 {[%emt 0:00:04]} 51. Re2 {[%emt 0:00:12]} Rxg3+ {[%emt 0:00:07]} 52. Kh2 {[%emt 0:00:09]} Rf3 {[%emt 0:00:37]} 53. e6 {[%emt 0:00:01]} Rf8 {[%emt 0:00:02]} 54. e7 {[%emt 0:00:06]} Re8 {[%emt 0:02:18]} 55. Re5+ Kf6 {[%emt 0:00:00]} 56. Rxd5 {[%emt 0:00:01]} Rxe7 {[%emt 0:00:00]} 57. Rxb5 {[%emt 0:00:10]} Re3 {[%emt 0:00:00]} 58. b4 {[%emt 0:00:27]} Kg6 {[%emt 0:00:00]} 59. Rb8 {[%emt 0:00:11]} Rd3 {[%emt 0:00:00]} 60. Rd8 {[%emt 0:00:15]} Kg5 {[%emt 0:00:00]} 61. b5 {[%emt 0:00:15]} Kh4 {[%emt 0:00:00]} 62. Rh8 {[%emt 0:00:29]} Rd2+ {[%emt 0:01:20]} 63. Kg1 h5 {[%emt 0:00:00]} 64. b6 {[%emt 0:00:04]} Rb2 {[%emt 0:00:00]} 65. Rh6 {[%emt 0:00:14]} Kg3 {[%emt 0:00:00]} 66. Kf1 {[%emt 0:00:01]} h4 {[%emt 0:00:00]} 67. d5 {[%emt 0:00:04]} h3 {[%emt 0:00:00]} 68. d6 {[%emt 0:00:03]} Rxb6 {[%emt 0:00:00]} 69. d7 {[%emt 0:00:01]} Rb8 {[%emt 0:00:00]} 70. Rd6 {[%emt 0:00:09]} Rd8 {[%emt 0:00:00]} 71. Rd3+ {[%emt 0:00:23]} Kf4 {[%emt 0:00:00]} 72. Kf2 {[%emt 0:00:23]} Ke4 {[%emt 0:00:00]} 73. Rd1 {[%emt 0:00:09]} Kf4 {[%emt 0:00:00]} 74. Rd3 {[%emt 0:00:02]} Ke5 {[%emt 0:00:58]} 75. Kg3 {[%emt 0:00:08]} Ke6 {[%emt 0:00:03]} 76. Kxg4 {[%emt 0:00:04]} h2 {[%emt 0:00:08]} 77. Rh3 {[%emt 0:00:17]} 1/2-1/2

[Event "45th GER-ch Rapid 2019"]
[Site "Neumarkt in der Oberpfalz"]
[Date "2019.09.21"]
[Round "3.4"]
[White "Rosner, Jonas"]
[Black "Schilay, Lorenz"]
[Result "1-0"]
[WhiteElo "2417"]
[BlackElo "1871"]
[Annotator "NA"]
[PlyCount "63"]
[EventDate "2019.09.21"]
[EventType "swiss"]
[EventCountry "GER"]
[SourceTitle "playchess.com"]
[Source "ChessBase"]
[SourceQuality "1"]
[TimeControl "900+10"]

1. d4 {[%emt 0:00:00]} Nf6 {[%emt 0:00:00]} 2. Nf3 {[%emt 0:00:00]} g6 {[%emt 0:00:00]} 3. g3 {[%emt 0:00:00]} Bg7 {[%emt 0:00:00]} 4. Bg2 {[%emt 0:00:00]} O-O {[%emt 0:00:00]} 5. O-O {[%emt 0:00:01]} d6 {[%emt 0:00:09]} 6. b3 {[%emt 0:00:02]} c5 {[%emt 0:00:18]} 7. Bb2 {[%emt 0:00:08]} Nc6 {[%emt 0:00:09]} 8. d5 {[%emt 0:00:14]} Nb8 {[%emt 0:00:18]} 9. c4 {[%emt 0:00:06]} a6 {[%emt 0:00:06]} 10. Nbd2 {[%emt 0:00:17]} b5 {[%emt 0:00:26]} 11. Qc2 {[%emt 0:00:05]} Nbd7 {[%emt 0:00:10]} 12. e4 {[%emt 0:00:07]} Qb6 {[%emt 0:00:26]} 13. Rfe1 {[%emt 0:00:11]} Ra7 {[%emt 0:00:59]} 14. e5 {[%emt 0:00:50]} Nxe5 {[%emt 0:00:20]} 15. Nxe5 {[%emt 0:00:02]} dxe5 {[%emt 0:00:06]} 16. Bxe5 {[%emt 0:00:11]} Bf5 {[%emt 0:00:44]} 17. Qc3 {[%emt 0:00:06]} Nh5 {[%emt 0:01:26]} 18. Bxg7 {[%emt 0:00:12]} Nxg7 {[%emt 0:00:01]} 19. Re2 {[%emt 0:00:52]} bxc4 {[%emt 0:02:10]} 20. Nxc4 {[%emt 0:00:23]} Qb4 {[%emt 0:00:25]} 21. Qxb4 {[%emt 0:00:41]} cxb4 {[%emt 0:00:01]} 22. Rae1 {[%emt 0:00:04]} e6 {[%emt 0:00:42]} 23. d6 {[%emt 0:00:15]} Bd3 {[%emt 0:03:12]} 24. Rd2 {[%emt 0:00:23]} Bxc4 {[%emt 0:00:01]} 25. bxc4 {[%emt 0:00:02]} Rc8 {[%emt 0:02:34]} 26. Rc1 {[%emt 0:00:04]} e5 {[%emt 0:00:36]} 27. c5 {[%emt 0:00:33]} Ne6 {[%emt 0:01:35]} 28. c6 {[%emt 0:00:12]} Kf8 {[%emt 0:00:38]} 29. Bd5 {[%emt 0:01:10]} Nd4 {[%emt 0:00:37]} 30. Kg2 {[%emt 0:12:49]} Nb5 {[%emt 0:01:51]} 31. Bb3 {[%emt 0:02:07]} Nd4 {[%emt 0:00:30]} 32. c7 {[%emt 0:00:31]} 1-0

[Event "45th GER-ch Rapid 2019"]
[Site "Neumarkt in der Oberpfalz"]
[Date "2019.09.21"]
[Round "4.1"]
[White "Heimann, Andreas"]
[Black "Donchenko, Alexander"]
[Result "1/2-1/2"]
[WhiteElo "2624"]
[BlackElo "2631"]
[Annotator "TA"]
[PlyCount "27"]
[EventDate "2019.09.21"]
[EventType "swiss"]
[EventCountry "GER"]
[SourceTitle "playchess.com"]
[Source "ChessBase"]
[SourceQuality "1"]

{[%evp 13,27,11,6,9,11,12,15,4,17,2,7,2,7,0,5,-3]} 1. e4 c6 2. Nc3 d5 3. Nf3 dxe4 4. Nxe4 Nf6 5. Nxf6+ exf6 6. Bc4 Bd6 7. Qe2+ Qe7 {The position is equal.} 8. Qxe7+ {B11: Caro-Kann: Two Knights Variation} (8. d4 Na6 9. O-O Qxe2 10. Bxe2 Bf5 11. c3 Nc7 12. Nd2 Nd5 13. Nc4 Bc7 14. Ne3 Nxe3 15. Bxe3 O-O-O {½-½ (68) Adams,M (2712)-Tari,A (2618) Batumi 2018}) 8... Kxe7 9. O-O Rd8 10. d4 Kf8 11. c3 $146 ({Predecessor:} 11. Re1 Bg4 12. Nd2 Nd7 13. Ne4 Bc7 14. c3 h6 15. b3 f5 {½-½ (86) Klek,H (2368)-Belenkaya,D (2306) Braunfels 2017}) 11... Be6 12. Bb3 Nd7 13. Re1 Re8 14. Bxe6 1/2-1/2

[Event "45th GER-ch Rapid 2019"]
[Site "Neumarkt in der Oberpfalz"]
[Date "2019.09.21"]
[Round "4.2"]
[White "Langheinrich, Ferenc"]
[Black "Gschnitzer, Oswald"]
[Result "1-0"]
[WhiteElo "2382"]
[BlackElo "2357"]
[Annotator "NA"]
[PlyCount "45"]
[EventDate "2019.09.21"]
[EventType "swiss"]
[EventCountry "GER"]
[SourceTitle "playchess.com"]
[Source "ChessBase"]
[SourceQuality "1"]
[TimeControl "900+10"]

1. d4 {[%emt 0:00:00]} Nf6 {[%emt 0:00:00]} 2. c4 {[%emt 0:00:03]} e6 {[%emt 0:00:00]} 3. Nf3 {[%emt 0:15:27]} b6 4. g3 {[%emt 0:00:00]} Bb4+ {[%emt 0:00:24]} 5. Nbd2 {[%emt 0:00:00]} Bb7 {[%emt 0:00:24]} 6. Bg2 {[%emt 0:00:00]} O-O {[%emt 0:00:40]} 7. O-O {[%emt 0:00:00]} a5 {[%emt 0:00:57]} 8. Qc2 {[%emt 0:00:00]} d5 {[%emt 0:00:05]} 9. Ne5 {[%emt 0:00:00]} Nbd7 {[%emt 0:02:05]} 10. cxd5 {[%emt 0:00:00]} Nxe5 {[%emt 0:00:06]} 11. dxe5 {[%emt 0:00:00]} Nxd5 {[%emt 0:00:01]} 12. Ne4 {[%emt 0:00:00]} Be7 {[%emt 0:00:14]} 13. Bd2 {[%emt 0:00:00]} c5 {[%emt 0:00:32]} 14. Rfd1 {[%emt 0:00:00]} Qc7 {[%emt 0:00:01]} 15. Nd6 {[%emt 0:00:00]} Bxd6 {[%emt 0:03:18]} 16. exd6 {[%emt 0:00:00]} Qxd6 {[%emt 0:00:31]} 17. e4 {[%emt 0:00:00]} Ne7 {[%emt 0:00:05]} 18. Bf4 {[%emt 0:00:00]} Qc6 {[%emt 0:00:03]} 19. Rd6 {[%emt 0:00:00]} Qb5 {[%emt 0:01:12]} 20. Bf1 {[%emt 0:00:00]} Qb4 {[%emt 0:00:01]} 21. f3 {[%emt 0:00:00]} c4 {[%emt 0:00:30]} 22. Rd7 {[%emt 0:00:00]} Qc5+ {[%emt 0:04:02]} 23. Qf2 {[%emt 0:00:00]} 1-0

[Event "45th GER-ch Rapid 2019"]
[Site "Neumarkt in der Oberpfalz"]
[Date "2019.09.21"]
[Round "4.3"]
[White "Schwarz, Frank"]
[Black "Beesk, Kevin"]
[Result "1/2-1/2"]
[WhiteElo "2252"]
[BlackElo "1969"]
[Annotator "NA"]
[PlyCount "131"]
[EventDate "2019.09.21"]
[EventType "swiss"]
[EventCountry "GER"]
[SourceTitle "playchess.com"]
[Source "ChessBase"]
[SourceQuality "1"]
[TimeControl "900+10"]

1. d4 {[%emt 0:00:00]} Nf6 {[%emt 0:00:00]} 2. Nf3 {[%emt 0:00:02]} g6 {[%emt 0:00:04]} 3. Bf4 {[%emt 0:00:14]} Bg7 {[%emt 0:00:19]} 4. e3 {[%emt 0:00:10]} d6 {[%emt 0:00:25]} 5. h3 {[%emt 0:00:05]} Nbd7 {[%emt 0:00:12]} 6. Be2 {[%emt 0:00:23]} b6 {[%emt 0:00:27]} 7. O-O {[%emt 0:00:31]} Bb7 {[%emt 0:00:02]} 8. Bh2 {[%emt 0:00:28]} c5 {[%emt 0:00:02]} 9. c3 {[%emt 0:00:02]} O-O {[%emt 0:00:09]} 10. Nbd2 {[%emt 0:00:07]} Qc7 {[%emt 0:00:12]} 11. Qb1 {[%emt 0:00:23]} Rfc8 {[%emt 0:01:24]} 12. Re1 {[%emt 0:00:42]} a6 {[%emt 0:00:23]} 13. a4 {[%emt 0:00:02]} Bc6 {[%emt 0:00:19]} 14. b4 {[%emt 0:00:28]} cxb4 {[%emt 0:01:51]} 15. cxb4 {[%emt 0:00:02]} b5 {[%emt 0:00:53]} 16. a5 {[%emt 0:02:01]} Qb7 {[%emt 0:00:25]} 17. Bd3 {[%emt 0:00:09]} Bd5 {[%emt 0:01:49]} 18. e4 {[%emt 0:01:42]} Bc4 {[%emt 0:00:01]} 19. Bc2 {[%emt 0:00:05]} Ne8 {[%emt 0:01:54]} 20. e5 {[%emt 0:01:46]} Bd5 {[%emt 0:01:32]} 21. Ra3 {[%emt 0:00:39]} dxe5 {[%emt 0:01:19]} 22. dxe5 {[%emt 0:00:16]} e6 {[%emt 0:00:01]} 23. Bf4 {[%emt 0:00:32]} Rc7 {[%emt 0:00:45]} 24. Be4 {[%emt 0:00:47]} Rac8 {[%emt 0:00:17]} 25. Bxd5 {[%emt 0:00:02]} Qxd5 {[%emt 0:00:01]} 26. Rd3 {[%emt 0:00:22]} Qb7 {[%emt 0:00:18]} 27. Ne4 {[%emt 0:00:36]} Bf8 {[%emt 0:01:06]} 28. Rd4 {[%emt 0:01:08]} Rc4 {[%emt 0:00:20]} 29. Red1 {[%emt 0:00:50]} Rxd4 {[%emt 0:00:13]} 30. Rxd4 {[%emt 0:00:03]} Rc4 {[%emt 0:00:08]} 31. Qd3 {[%emt 0:00:35]} Rxd4 {[%emt 0:00:28]} 32. Qxd4 {[%emt 0:00:10]} Qd5 {[%emt 0:00:33]} 33. Qxd5 {[%emt 0:01:05]} exd5 34. Nc3 {[%emt 0:04:13]} Bxb4 {[%emt 0:00:27]} 35. Nxd5 {[%emt 0:00:00]} Bxa5 {[%emt 0:00:01]} 36. Bh6 {[%emt 0:00:00]} Bd8 {[%emt 0:00:19]} 37. Nb4 {[%emt 0:00:00]} Nb8 {[%emt 0:00:47]} 38. Nd4 {[%emt 0:00:00]} Be7 {[%emt 0:00:47]} 39. Nd5 {[%emt 0:00:00]} Bf8 {[%emt 0:00:01]} 40. Bd2 {[%emt 0:00:00]} Bg7 {[%emt 0:00:31]} 41. f4 {[%emt 0:00:00]} Nd7 {[%emt 0:00:36]} 42. Bb4 {[%emt 0:00:00]} Bf8 {[%emt 0:00:12]} 43. Nc6 {[%emt 0:00:00]} Bxb4 {[%emt 0:00:05]} 44. Ndxb4 {[%emt 0:00:00]} Nc5 {[%emt 0:00:07]} 45. Kf2 {[%emt 0:00:00]} Nc7 {[%emt 0:00:06]} 46. Ke3 {[%emt 0:00:00]} N7e6 {[%emt 0:00:02]} 47. g4 {[%emt 0:00:00]} Kf8 {[%emt 0:00:05]} 48. f5 {[%emt 0:00:00]} gxf5 {[%emt 0:00:01]} 49. gxf5 {[%emt 0:00:00]} Nc7 {[%emt 0:00:05]} 50. Kd4 {[%emt 0:00:00]} Nd7 {[%emt 0:00:14]} 51. Na5 {[%emt 0:00:21]} Ke7 {[%emt 0:00:20]} 52. Nb7 {[%emt 0:00:03]} Ke8 {[%emt 0:00:33]} 53. Nc6 {[%emt 0:00:22]} Kf8 {[%emt 0:00:14]} 54. Nc5 {[%emt 0:00:31]} Ke8 {[%emt 0:00:15]} 55. Ne4 {[%emt 0:00:06]} Kf8 {[%emt 0:00:11]} 56. Ng5 {[%emt 0:00:13]} h6 {[%emt 0:00:09]} 57. e6 {[%emt 0:00:11]} fxe6 {[%emt 0:00:18]} 58. fxe6 {[%emt 0:00:01]} hxg5 {[%emt 0:00:02]} 59. exd7 {[%emt 0:00:06]} Ne6+ {[%emt 0:00:14]} 60. Kd5 {[%emt 0:00:12]} Kf7 {[%emt 0:00:03]} 61. Kd6 {[%emt 0:00:08]} b4 {[%emt 0:00:13]} 62. Nxb4 {[%emt 0:00:01]} a5 {[%emt 0:00:01]} 63. Nc6 {[%emt 0:00:12]} a4 {[%emt 0:00:03]} 64. Ne5+ {[%emt 0:00:05]} Kf6 {[%emt 0:00:02]} 65. Nc4 {[%emt 0:00:03]} Nd8 {[%emt 0:00:07]} 66. Na3 {[%emt 0:02:02] Ke5+} 1/2-1/2

[Event "45th GER-ch Rapid 2019"]
[Site "Neumarkt in der Oberpfalz"]
[Date "2019.09.21"]
[Round "4.4"]
[White "Schilay, Lorenz"]
[Black "Parashchenko, Oleg"]
[Result "0-1"]
[WhiteElo "1871"]
[BlackElo "2136"]
[Annotator "NA"]
[PlyCount "122"]
[EventDate "2019.09.21"]
[EventType "swiss"]
[EventCountry "GER"]
[SourceTitle "playchess.com"]
[Source "ChessBase"]
[SourceQuality "1"]
[TimeControl "900+10"]

1. e4 {[%emt 0:00:00]} e5 {[%emt 0:00:00]} 2. Nf3 {[%emt 0:00:00]} Nc6 {[%emt 0:00:00]} 3. Nc3 {[%emt 0:00:00]} Nf6 {[%emt 0:00:01]} 4. a3 {[%emt 0:00:00]} Be7 {[%emt 0:00:35]} 5. d4 {[%emt 0:00:03]} exd4 {[%emt 0:00:12]} 6. Nxd4 {[%emt 0:00:04]} O-O {[%emt 0:00:42]} 7. Be3 {[%emt 0:00:25]} d5 {[%emt 0:01:01]} 8. exd5 {[%emt 0:00:25]} Nxd5 {[%emt 0:00:29]} 9. Nxc6 {[%emt 0:02:20]} bxc6 {[%emt 0:00:03]} 10. Nxd5 {[%emt 0:01:58]} cxd5 {[%emt 0:00:28]} 11. Bd3 {[%emt 0:00:10]} Bd6 {[%emt 0:02:27]} 12. Qf3 {[%emt 0:01:09]} Bb7 {[%emt 0:00:55]} 13. O-O {[%emt 0:01:04]} Qh4 {[%emt 0:01:06]} 14. g3 {[%emt 0:01:53]} Qd8 {[%emt 0:00:31]} 15. b4 {[%emt 0:01:54]} a5 {[%emt 0:00:59]} 16. c3 {[%emt 0:00:11]} Re8 {[%emt 0:03:37]} 17. Bd4 {[%emt 0:02:36]} Be5 {[%emt 0:01:19]} 18. Qg4 {[%emt 0:01:50]} Bc8 {[%emt 0:01:18]} 19. Bxh7+ {[%emt 0:01:27]} Kxh7 {[%emt 0:00:34]} 20. Qh5+ {[%emt 0:00:01]} Kg8 {[%emt 0:00:03]} 21. Bxe5 {[%emt 0:00:02]} Ra6 {[%emt 0:00:08]} 22. f4 {[%emt 0:00:15]} Rg6 {[%emt 0:00:38]} 23. Rae1 {[%emt 0:00:25]} Bg4 {[%emt 0:00:09]} 24. Qh4 {[%emt 0:00:07]} Qxh4 {[%emt 0:00:07]} 25. gxh4 {[%emt 0:00:02]} Be2+ {[%emt 0:00:15]} 26. Kf2 {[%emt 0:00:02]} Bxf1 {[%emt 0:00:03]} 27. Rxf1 {[%emt 0:00:09]} axb4 {[%emt 0:00:02]} 28. axb4 {[%emt 0:00:01]} f6 {[%emt 0:00:17]} 29. Bxc7 {[%emt 0:00:40]} Rc8 {[%emt 0:00:12]} 30. Bd6 {[%emt 0:00:08]} Rxc3 {[%emt 0:00:04]} 31. Rd1 {[%emt 0:00:06]} Rc2+ {[%emt 0:00:11]} 32. Kf3 {[%emt 0:00:02]} Rgg2 {[%emt 0:00:27]} 33. Rxd5 {[%emt 0:00:09]} Rxh2 {[%emt 0:00:06]} 34. h5 {[%emt 0:00:07]} Rhd2 {[%emt 0:00:07]} 35. Rxd2 {[%emt 0:00:05]} Rxd2 {[%emt 0:00:02]} 36. Bc5 {[%emt 0:00:01]} Rd5 {[%emt 0:00:11]} 37. Kg4 {[%emt 0:00:02]} Kf7 {[%emt 0:00:03]} 38. Bb6 {[%emt 0:00:03]} Ke6 {[%emt 0:00:52]} 39. Bc5 {[%emt 0:00:01]} Rd2 {[%emt 0:00:22]} 40. Bf8 {[%emt 0:00:09]} Rb2 {[%emt 0:00:33]} 41. Kf3 {[%emt 0:00:07]} Rh2 {[%emt 0:00:14]} 42. Bxg7 {[%emt 0:00:02]} Rxh5 {[%emt 0:00:02]} 43. Kg4 {[%emt 0:00:03]} Rh1 {[%emt 0:00:09]} 44. Bf8 {[%emt 0:00:01]} f5+ {[%emt 0:00:04]} 45. Kf3 {[%emt 0:00:03]} Rb1 {[%emt 0:00:02]} 46. Bc5 {[%emt 0:00:02]} Rb3+ {[%emt 0:00:02]} 47. Ke2 {[%emt 0:00:03]} Kd5 {[%emt 0:00:01]} 48. Kd2 {[%emt 0:00:02]} Rf3 {[%emt 0:00:19]} 49. Be3 {[%emt 0:00:19]} Ke4 {[%emt 0:00:02]} 50. Bc5 {[%emt 0:00:09]} Kxf4 {[%emt 0:00:19]} 51. b5 {[%emt 0:00:07]} Rb3 {[%emt 0:00:16]} 52. b6 {[%emt 0:00:01]} Ke4 {[%emt 0:00:05]} 53. Ke2 {[%emt 0:00:05]} f4 {[%emt 0:00:03]} 54. Kf2 {[%emt 0:00:04]} f3 {[%emt 0:00:03]} 55. Kf1 {[%emt 0:00:02]} Rb2 {[%emt 0:00:04]} 56. Bf2 {[%emt 0:00:06]} Rb1+ {[%emt 0:00:09]} 57. Be1 {[%emt 0:00:01]} Rxb6 {[%emt 0:00:22]} 58. Kf2 {[%emt 0:00:06]} Rb2+ {[%emt 0:00:06]} 59. Kg3 {[%emt 0:00:01]} Rg2+ {[%emt 0:00:02]} 60. Kh3 {[%emt 0:00:01]} Rg8 {[%emt 0:00:02]} 61. Bf2 {[%emt 0:00:03]} Kd3 {[%emt 0:00:02]} 0-1

[Event "45th GER-ch Rapid 2019"]
[Site "Neumarkt in der Oberpfalz"]
[Date "2019.09.21"]
[Round "5.1"]
[White "Donchenko, Alexander"]
[Black "Langheinrich, Ferenc"]
[Result "1-0"]
[WhiteElo "2631"]
[BlackElo "2382"]
[Annotator "TA"]
[PlyCount "95"]
[EventDate "2019.09.21"]
[EventType "swiss"]
[EventCountry "GER"]
[SourceTitle "playchess.com"]
[Source "ChessBase"]
[SourceQuality "1"]

{[%evp 28,95,60,58,133,59,71,51,205,179,194,197,194,187,197,175,155,115,117,114,182,198,189,200,174,180,210,205,267,258,261,267,488,325,360,372,381,379,381,379,366,309,323,323,316,309,445,356,345,319,341,338,327,325,693,684,1725,1717,1710,1710,1695,1647,1626,1593,4304,1935,1610,1074,866,712]} 1. d4 Nf6 2. c4 g6 3. g3 Bg7 4. Bg2 O-O 5. Nc3 c6 6. e4 d6 7. Nf3 Nbd7 8. O-O e5 9. h3 exd4 10. Nxd4 Nc5 11. Be3 Re8 12. Qc2 a5 13. Rad1 Qe7 14. Rfe1 a4 15. f4 Ncxe4 {E69: King's Indian: Fianchetto: 6...Nbd7 7 0-0 e5 8 e4 c6 9 h3} (15... Qc7 $14) 16. Nxe4 (16. Bf2 $1 $16) 16... Nxe4 $14 17. Bxe4 {[#] Strongly threatening Bf2.} Bxh3 $146 ({Better is} 17... c5 $1 $14) ({Predecessor:} 17... Qxe4 18. Bf2 Qxe1+ 19. Bxe1 Bxd4+ 20. Rxd4 Rxe1+ 21. Kf2 Bf5 22. Qd2 Rh1 23. Kg2 {1-0 (46) Dautov,R (2535)-Akopian,V (2520) Tbilisi 1989}) 18. Bf2 $18 {Threatens to win with Bxc6.} Qf6 19. b4 axb3 20. axb3 h5 21. Nf3 Qc3 {intending ...Bg4.} 22. Qxc3 Bxc3 23. Re3 Bg4 (23... Bb4 $16) 24. Rxc3 ({Inferior is} 24. Rxd6 Bb4 $14) 24... Rxe4 25. Rxd6 Re2 {[#]} 26. Nd4 $1 {[%cal Rd4e2]} Ra1+ 27. Kg2 Bh3+ 28. Kxh3 Rxf2 {[%cal Ra1h1] [#]} 29. Kh4 $1 Kg7 $2 (29... Rd2 {keeps fighting.}) 30. Re3 Ra5 {[%cal Rf2h2]} 31. Re2 Rxe2 32. Nxe2 {[%mdl 4096] Endgame KRN-KR} Ra2 33. Ng1 Rb2 34. Rd3 b5 35. cxb5 cxb5 36. Nf3 Rb1 (36... Kh6 $142 37. Kh3 f6) 37. Kh3 f6 38. Nd4 g5 39. fxg5 fxg5 40. Nxb5 g4+ $2 (40... Rb2 41. g4 Kg6) 41. Kh4 {White is clearly winning.} Kg6 {[%cal Rb1h1]} 42. Rd6+ Kf5 43. Rd5+ Kg6 44. Rg5+ Kf6 45. Rxh5 Rxb3 46. Kxg4 Rb4+ 47. Kh3 Kg6 48. Rd5 {Accuracy: White = 82%, Black = 26%.} 1-0